A textbook of fluid Mechanics/ (Record no. 174960)

MARC details
000 -LEADER
fixed length control field 00637nam a22001817a 4500
005 - DATE AND TIME OF LATEST TRANSACTION
control field 20200728153405.0
010 ## - LCCN (DPL NO)
LC control number ENG-128296
020 ## - INTERNATIONAL STANDARD BOOK NUMBER
Terms of availability 445.00
International Standard Book Number 9789352837205
035 ## - SYSTEM CONTROL NUMBER
System control number EN-111828
037 ## - SOURCE OF ACQUISITION
Source of stock number/acquisition DBAD/PUB
082 ## - DEWEY DECIMAL CLASSIFICATION NUMBER
Classification number 620.106
Edition number rev ed.
100 ## - MAIN ENTRY--PERSONAL NAME
Personal name Rajput,R.K
245 ## - TITLE STATEMENT
Title A textbook of fluid Mechanics/
Statement of responsibility, etc by R.K. Rajput
Remainder of title fluid Mechanics and Hydraulic Machines Part-1
260 ## - PUBLICATION, DISTRIBUTION, ETC. (IMPRINT)
Place of publication, distribution, etc New Delhi
Name of publisher, distributor, etc S.Chand
Date of publication, distribution, etc 2019
270 ## - ADDRESS
Address Head Office:7361,Ram Nagar,Qutab Rord
City New Delhi
Postal code 110055
Telephone number 23672080
Fax number 91-11-23677446
Electronic mail address info@schandpublishing.com
300 ## - PHYSICAL DESCRIPTION
Extent xxii;1025p.
Dimensions 24cm(pbk)
942 ## - ADDED ENTRY ELEMENTS (KOHA)
Source of classification or shelving scheme Dewey Decimal Classification
Item type English Books
Classification part 620.106
Call number suffix RAJ
Holdings
Withdrawn status Lost status Not for loan Collection code Home library Current library Date acquired Source of acquisition Cost, normal purchase price Full call number Barcode Copy number Cost, replacement price Koha item type
      Non-fiction Central Library Central Library 28/07/2020 DBAD/PUB 445.00 620.106 RAJ EN-111828 1 445.00 English Books

© Delhi Public Library
Hit Counter
free hit counter